Analýza opotrebených a poškodených strižných nástrojov = Analysis of damage and wear of shear tools : Diplomová práca

Na minha lista:
Detalhes bibliográficos
Autor principal: Mišovič, Boris (Author)
Outros Autores: Mečiar, Svätopluk, 1948- (xxx)
Formato: Manuscrito Livro
Idioma:eslovaco
Publicado em: Trnava : STU v Bratislave MTF UMAT, 2009
Assuntos:
Tags: Adicionar Tag
Sem tags, seja o primeiro a adicionar uma tag!

MARC

LEADER 00000ntm a22000003a 4500
001 stu180059
005 20160719160126.1
008 090213s2009----xo------------------slo-d
040 |a STU  |b slo 
041 0 |a slo 
044 |a xo 
100 1 |a Mišovič, Boris  |4 aut 
245 1 |a Analýza opotrebených a poškodených strižných nástrojov = Analysis of damage and wear of shear tools :  |b Diplomová práca 
260 |a Trnava :  |b STU v Bratislave MTF UMAT,  |c 2009 
300 |a 68 s  |c 1 CD-ROM 
500 |a Študijný odbor: 5.2.26 materiály 
500 |a Študijný program: technické materiály 
650 7 |a strižné nástroje  |2 stusub 
650 7 |a tepelné spracovanie  |2 stusub 
650 7 |a fraktografická analýza  |2 stusub 
650 7 |a mikroskopická analýza  |2 stusub 
700 1 |a Mečiar, Svätopluk,  |d 1948-  |4 xxx  |u M3000  |U MTF Materiálovotechnologická fakulta  |T MTF Ústav výrobných technológií  |X 30639  |U M3000  |Y 83  |7 A000030639 
996 |b 284M069656  |c M*DP-7567  |l MMSKP  |s P  |a 0  |w stu180059_0001